Masacre. Vida y muerte en la Comuna de París de 1871
Uloženo v:
| Hlavní autor: | |
|---|---|
| Další autoři: | |
| Médium: | Kniha |
| Jazyk: | angličtina španělština |
| Vydáno: |
Madrid, España
Siglo Veintiuno de España Editores S. A
2017
|
| Edice: | Colección Hitos
|
| Témata: | |
| Tagy: |
Přidat tag
Žádné tagy, Buďte první, kdo vytvoří štítek k tomuto záznamu!
|
MARC
| LEADER | 00000nam a22000007a 4500 | ||
|---|---|---|---|
| 003 | CL-VaPUC | ||
| 005 | 20210705094852.0 | ||
| 008 | 210525b ||||| |||| 00| 0 eng d | ||
| 999 | |c 432993 |d 432991 | ||
| 020 | |a 9788432318535 | ||
| 040 | |c Pontificia Universidad Católica de Valparaíso | ||
| 041 | 0 | |a spa | |
| 082 | 0 | |2 21 |a 944.0812 MER 2017 | |
| 100 | 1 | |a Merriman, John |e autor |9 860997 | |
| 245 | 1 | 0 | |a Masacre. |b Vida y muerte en la Comuna de París de 1871 |
| 260 | 3 | |a Madrid, España |b Siglo Veintiuno de España Editores S. A |c 2017 | |
| 300 | |a 407 páginas | ||
| 490 | |a Colección Hitos | ||
| 500 | |a Donación VRA N. Vásquez L. | ||
| 583 | |c 20210525 |k Daniel Castañeda | ||
| 650 | 0 | 0 | |9 336927 |a Historia de Francia |x Terrorismo de estado |
| 650 | 0 | 0 | |9 445863 |a Historia de ciudades |x Masacre |z París |z Francia |
| 700 | 1 | |a Madariaga, Juanmari |e traductor |9 860999 | |
| 942 | |2 ddc |c BK | ||
| 952 | |0 0 |1 0 |2 ddc |4 0 |6 944_081200000000000_MER_2017 |7 0 |8 A |9 577870 |a BIBHIS |b BIBHIS |d 2021-05-25 |i 5621410 |o 944.0812 MER 2017 |p 5621410 |r 2025-01-20 |t 1 |w 2021-05-25 |y BK |k HIS | ||